[Event "Memorial David Bronstein A"]
[Site "Napoli ITA"]
[Date "2007.01.18"]
[Round "1"]
[White "Della Ragione, Achille"]
[Black "Chiummo, Sergio"]
[Result "1-0"]
[WhiteElo "2004"]
[BlackElo "1598"]
[PlyCount "47"]
[EventDate "2007.01.18"]

1. c4 Nf6 2. Nc3 g6 3. Nf3 Bg7 4. d4 d6 5. e4 O-O 6. Bg5 Na6 7. h4 h6 8. Bf4
Nh5 9. Be3 c5 10. Qd2 Kh7 11. O-O-O cxd4 12. Bxd4 Nf6 13. h5 g5 14. e5 dxe5 15.
Nxe5 Bf5 16. f3 Kg8 17. g4 Bh7 18. f4 Ne4 19. Qe3 Nxc3 20. Bxc3 Qc8 21. fxg5
Qe6 22. gxh6 Bxh6 23. g5 Qf5 24. Bd3 1-0

[Event "Memorial David Bronstein A"]
[Site "Napoli ITA"]
[Date "2007.01.18"]
[Round "1"]
[White "Longobardi, Giuseppe"]
[Black "Rosato, Luciano"]
[Result "0-1"]
[WhiteElo "2002"]
[BlackElo "2238"]
[PlyCount "58"]
[EventDate "2007.01.18"]

1. c4 Nf6 2. g3 g6 3. Bg2 Bg7 4. Nf3 O-O 5. O-O d6 6. d4 Nbd7 7. Nc3 c6 8. h3
Re8 9. e4 e5 10. dxe5 dxe5 11. Be3 Qe7 12. Qc2 h6 13. Rad1 Nf8 14. Qd2 g5 15.
h4 g4 16. Ne1 h5 17. Nc2 Be6 18. b3 Red8 19. Qc1 b6 20. Bg5 N8h7 21. Ne3 Nxg5
22. hxg5 Nh7 23. Nf5 Bxf5 24. exf5 Nxg5 25. Bxc6 Bh6 26. Kg2 Rxd1 27. Rxd1 Rd8
28. Nd5 Qd6 29. f6 Qxc6 0-1

[Event "Memorial David Bronstein A"]
[Site "Napoli ITA"]
[Date "2007.01.18"]
[Round "1"]
[White "Vannini, Aldo"]
[Black "Gallo, Thomas Renato"]
[Result "0-1"]
[WhiteElo "2024"]
[BlackElo "1837"]
[PlyCount "70"]
[EventDate "2007.01.18"]

1. d4 d6 2. Nf3 Nf6 3. Nc3 g6 4. e4 Bg7 5. Be2 O-O 6. O-O Nbd7 7. Bg5 e5 8. d5
a5 9. Ne1 b6 10. Bb5 Ba6 11. Bxa6 Rxa6 12. Qe2 Qc8 13. Nd3 h6 14. Be3 c6 15.
dxc6 Qxc6 16. Nxe5 Nxe5 17. Qxa6 Nc4 18. Bd4 Nxe4 19. Bxg7 Kxg7 20. Nxe4 Ra8
21. Qxc4 Qxc4 22. Nxd6 Qxc2 23. b3 Qc5 24. Rfd1 Ra7 25. h3 Re7 26. Rac1 Qe5 27.
Rd2 b5 28. Rcd1 a4 29. Rd5 Qe2 30. R5d2 Qh5 31. Rd5 Re1+ 32. Kh2 Re5 33. Ne8+
Kf8 34. Nf6 Rxd5 35. Rxd5 Qe2 0-1

[Event "Memorial David Bronstein A"]
[Site "Napoli ITA"]
[Date "2007.01.25"]
[Round "2"]
[White "Capozzoli, Silvio"]
[Black "Gallo, Thomas Renato"]
[Result "1-0"]
[WhiteElo "1909"]
[BlackElo "1837"]
[PlyCount "73"]
[EventDate "2007.01.18"]

1. d4 d6 2. e4 Nf6 3. Nc3 g6 4. f4 Bg7 5. Nf3 Nbd7 6. e5 Ng8 7. Ng5 e6 8. d5
Nb6 9. Bb5+ Kf8 10. dxe6 fxe6 11. Nce4 d5 12. Nc5 Qe7 13. Qd4 Nh6 14. O-O Nf5
15. Qf2 h5 16. Bd3 Bh6 17. Bxf5 gxf5 18. Be3 Bxg5 19. fxg5 Nc4 20. Bd4 Qxg5 21.
Rad1 b6 22. b3 Na5 23. Nd3 Ba6 24. Nf4 Kf7 25. c4 dxc4 26. Be3 Qe7 27. Nd5 exd5
28. Qxf5+ Ke8 29. Qg6+ Kd7 30. Rf7 Rae8 31. Qf5+ Kc6 32. Rxe7 Rd8 33. Qf7 cxb3
34. Rxc7+ Kb5 35. Rxd5+ Rxd5 36. Qxd5+ Ka4 37. axb3+ 1-0

[Event "Memorial David Bronstein A"]
[Site "Napoli ITA"]
[Date "2007.01.25"]
[Round "2"]
[White "Pinto, Gaetano"]
[Black "Della Ragione, Achille"]
[Result "1-0"]
[WhiteElo "2024"]
[BlackElo "2004"]
[PlyCount "145"]
[EventDate "2007.01.18"]

1. d4 d5 2. c4 c6 3. cxd5 cxd5 4. Nc3 Nc6 5. Bf4 e6 6. e3 Bd6 7. Bxd6 Qxd6 8.
Nf3 Nge7 9. Bd3 O-O 10. O-O f5 11. g3 a6 12. Rc1 b5 13. Qd2 Bd7 14. Ne2 h6 15.
h4 Kf7 16. Nf4 Ng6 17. Nxg6 Kxg6 18. Kg2 Kf6 19. Rh1 Rac8 20. a3 e5 21. Nxe5
Nxe5 22. dxe5+ Qxe5 23. Be2 Be6 24. Qd4 Qxd4 25. exd4 Rxc1 26. Rxc1 Rc8 27.
Rxc8 Bxc8 28. Kf3 g5 29. hxg5+ hxg5 30. Ke3 Ke6 31. Kd2 Kd6 32. Kc3 Kc6 33. Bh5
Be6 34. Be8+ Kb6 35. Kb4 f4 36. gxf4 gxf4 37. Kc3 Bg4 38. Kd2 Bf3 39. Ke1 Ka5
40. Kd2 Ka4 41. Kc3 Ka5 42. Bg6 Kb6 43. Be8 a5 44. b4 a4 45. Kd2 Bg4 46. Ke1
Bf3 47. Kf1 Bh1 48. Kg1 Be4 49. Kh2 Bf3 50. Kh3 Be2 51. Kh4 Kc7 52. Kg5 f3 53.
Kf4 Kd6 54. Bh5 Ke6 55. Bxf3 Bxf3 56. Kxf3 Kf5 57. Ke3 Kg5 58. f3 Kf5 59. Ke2
Kg5 60. Kf1 Kf5 61. Kg2 Kg5 62. Kg3 Kf5 63. f4 Ke4 64. Kg4 Kxd4 65. f5 Kc3 66.
f6 Kb3 67. f7 Kxa3 68. f8=Q Kb3 69. Qc5 a3 70. Qxb5 d4 71. Qd3+ Kxb4 72. Qxd4+
Kb3 73. Qa1 1-0

[Event "Memorial David Bronstein A"]
[Site "Napoli ITA"]
[Date "2007.01.25"]
[Round "2"]
[White "Rosato, Luciano"]
[Black "Improta, Giovanni"]
[Result "1-0"]
[WhiteElo "2238"]
[BlackElo "1742"]
[PlyCount "89"]
[EventDate "2007.01.18"]

1. d4 Nf6 2. c4 e6 3. Nf3 Be7 4. Nc3 d5 5. cxd5 exd5 6. Bg5 O-O 7. e3 Bg4 8.
Qb3 b6 9. Bxf6 Bxf6 10. Qxd5 c6 11. Qxd8 Rxd8 12. Be2 Nd7 13. h3 Bh5 14. O-O
Re8 15. Rac1 Rad8 16. b4 Be7 17. b5 Ba3 18. Rb1 c5 19. d5 Nf6 20. Bc4 Bb4 21.
Ne2 Bg6 22. Rbd1 Bc2 23. Rc1 Be4 24. a3 Ba5 25. Nf4 Nxd5 26. Ng5 h6 27. Nxe4
Nxf4 28. f3 Ng6 29. Rfd1 Ne5 30. Bd5 c4 31. Rd4 Nd3 32. Rcxc4 Nc5 33. Bc6 Rf8
34. Nxc5 Rxd4 35. exd4 bxc5 36. dxc5 Rd8 37. f4 Bd2 38. Kf2 Ba5 39. Ra4 Bc3 40.
Ke3 Kf8 41. b6 axb6 42. cxb6 Bd2+ 43. Ke4 g6 44. b7 f5+ 45. Kf3 1-0

[Event "Memorial David Bronstein A"]
[Site "Napoli ITA"]
[Date "2007.02.01"]
[Round "3"]
[White "Della Ragione, Achille"]
[Black "Cangiano, Federico"]
[Result "1-0"]
[WhiteElo "2004"]
[BlackElo "1739"]
[PlyCount "95"]
[EventDate "2007.01.18"]

1. c4 f5 2. Nf3 Nf6 3. d3 g6 4. Nc3 Bg7 5. h3 d6 6. Be3 e5 7. g3 Nc6 8. Bg2 h6
9. Nd5 Be6 10. Nd2 O-O 11. a3 a5 12. Rb1 Rb8 13. b4 axb4 14. axb4 Ne7 15. Nxe7+
Qxe7 16. O-O d5 17. Bc5 Qd7 18. Bxf8 Bxf8 19. c5 h5 20. Qc2 c6 21. Nf3 Qc7 22.
e3 Bg7 23. b5 cxb5 24. Rxb5 Bd7 25. Rb6 Bc6 26. d4 Nd7 27. Rb2 e4 28. Ng5 Re8
29. h4 Nf6 30. Ra1 Ng4 31. Bf1 Bf6 32. Nh3 Bxh4 33. Nf4 Bf6 34. Bh3 Qh7 35. Qb3
Qf7 36. Bxg4 fxg4 37. Rba2 g5 38. Ng2 h4 39. Ra8 Bd8 40. gxh4 Qf3 41. Qd1 Qh3
42. hxg5 g3 43. fxg3 Qxg3 44. Qh5 Qc7 45. Nf4 Re7 46. Qg6+ Rg7 47. Rxd8+ Qxd8
48. Qxg7+ 1-0

[Event "Memorial David Bronstein A"]
[Site "Napoli ITA"]
[Date "2007.02.01"]
[Round "3"]
[White "Pinto, Gaetano"]
[Black "Rosato, Luciano"]
[Result "0-1"]
[WhiteElo "2024"]
[BlackElo "2238"]
[PlyCount "204"]
[EventDate "2007.01.18"]

1. d4 Nf6 2. Nf3 g6 3. c3 Bg7 4. Bg5 O-O 5. Nbd2 d6 6. e3 Nbd7 7. Bd3 e5 8.
dxe5 dxe5 9. Ne4 Qe7 10. O-O h6 11. Nxf6+ Nxf6 12. Bxf6 Qxf6 13. e4 Rd8 14. Qc2
Bg4 15. Be2 Rd6 16. Rfd1 Rad8 17. Rxd6 Rxd6 18. Rd1 Qd8 19. Rxd6 Qxd6 20. Qd1
Bf8 21. Qxd6 Bxd6 22. Kf1 Be6 23. a3 f6 24. Nd2 Kg7 25. Nc4 Be7 26. Ne3 f5 27.
Bd3 f4 28. Bc4 Bd7 29. Nd5 Bd8 30. Nb4 a5 31. Nd3 Kf6 32. Bd5 c6 33. Ba2 Bb6
34. Ke2 g5 35. h3 h5 36. Bb3 Be8 37. Ba2 Bg6 38. f3 Be8 39. Bb3 Bd7 40. Ba2 g4
41. hxg4 hxg4 42. Bb3 Ba7 43. Ba2 Bb8 44. b4 Bc7 45. Nc5 Bc8 46. Nd3 Bb6 47.
Bb3 axb4 48. axb4 Bg1 49. Kf1 Be3 50. Ke2 g3 51. Ne1 Ke7 52. Nd3 Kd6 53. Bc4
Bd7 54. Ke1 b6 55. Ke2 Bc8 56. Ke1 b5 57. Bf7 Bd7 58. Ke2 c5 59. Bd5 Bc8 60.
Bf7 Bb7 61. Be8 cxb4 62. cxb4 Bc8 63. Bxb5 Bh3 64. Kf1 Be6 65. Ke2 Bd4 66. Kf1
Kc7 67. Ke2 Kb6 68. Be8 Bc3 69. Ba4 Bc4 70. Bd7 Bxb4 71. Be8 Bc3 72. Bd7 Bd4
73. Kd2 Kc7 74. Bf5 Bb5 75. Be6 Kb6 76. Kc2 Ba4+ 77. Kd2 Bc6 78. Ke2 Bc3 79.
Bf5 Bb5 80. Be6 Ka5 81. Bb3 Ba6 82. Bc2 Bc4 83. Kd1 Kb5 84. Ke2 Be6 85. Kf1 Bd4
86. Ke2 Kc4 87. Ne1 Kc3 88. Bd3 Bf2 89. Ba6 Bb3 90. Bb5 Kd4 91. Ba6 Bxe1 92.
Kxe1 Ke3 93. Bc8 Bc4 94. Bd7 Be2 95. Bg4 Bc4 96. Bd7 Bf7 97. Bg4 Bg6 98. Bc8
Bh5 99. Kf1 Bxf3 100. gxf3 Kxf3 101. Bf5 g2+ 102. Kg1 Kg3 0-1

[Event "Memorial David Bronstein A"]
[Site "Napoli ITA"]
[Date "2007.02.01"]
[Round "3"]
[White "Ricci, Giuseppe"]
[Black "Capozzoli, Silvio"]
[Result "1-0"]
[WhiteElo "1946"]
[BlackElo "1909"]
[PlyCount "145"]
[EventDate "2007.01.18"]

1. e4 c5 2. Nf3 d6 3. d4 cxd4 4. Nxd4 a6 5. c4 Nf6 6. Nc3 g6 7. Be2 Bg7 8. O-O
Nc6 9. Be3 O-O 10. Qd2 Ng4 11. Bxg4 Bxg4 12. Nb3 Ne5 13. Qd5 Qc7 14. c5 Be6 15.
cxd6 exd6 16. Qa5 Qe7 17. Nd5 Qh4 18. Nd2 Ng4 19. Nf3 Qh5 20. Ne7+ Kh8 21. Qxh5
gxh5 22. Bd4 Ne5 23. Nh4 Bf6 24. Nef5 Bxf5 25. Nxf5 Rg8 26. f4 Ng4 27. Bxf6+
Nxf6 28. Nxd6 Rg7 29. Rac1 Rag8 30. Rf2 Rd8 31. e5 Ng4 32. Rd2 Nh6 33. Rcd1 Rd7
34. f5 Rg8 35. f6 Rg5 36. e6 fxe6 37. f7 Nxf7 38. Nxf7+ Rxf7 39. b4 e5 40. Re2
Rgf5 41. Re4 h6 42. h3 Kg7 43. Rd5 Re7 44. a4 Kf6 45. g3 Ke6 46. Rd8 Ref7 47.
Re1 Rd7 48. Rh8 Rf6 49. a5 Re7 50. Rd8 Rf3 51. Kg2 Rb3 52. Rd4 Rb2+ 53. Kh1 Rb1
54. Rde4 Rxe1+ 55. Rxe1 Kd5 56. Rc1 e4 57. Kg2 e3 58. Kf1 e2+ 59. Ke1 Kd4 60.
Rc5 Kd3 61. Rxh5 Rf7 62. Rd5+ Kc4 63. Re5 Rf3 64. Kxe2 Rxg3 65. Re4+ Kb5 66.
Rh4 Rb3 67. Rxh6 Rxb4 68. Rb6+ Kc4 69. Rxb4+ Kxb4 70. Kd3 Kxa5 71. h4 Ka4 72.
h5 b5 73. Kc2 1-0

[Event "Memorial David Bronstein A"]
[Site "Napoli ITA"]
[Date "2007.02.01"]
[Round "3"]
[White "Sorrentino, Michele"]
[Black "Cosenza, Gianni"]
[Result "0-1"]
[WhiteElo "2007"]
[BlackElo "2028"]
[PlyCount "50"]
[EventDate "2007.01.18"]

1. Nf3 d5 2. d4 Nf6 3. Bf4 c6 4. h3 Bf5 5. e3 Qb6 6. Qc1 h6 7. Nbd2 e6 8. c4
Be7 9. cxd5 exd5 10. a3 a5 11. Qc3 Nbd7 12. Bd3 Bxd3 13. Qxd3 c5 14. O-O O-O
15. Rab1 Rfe8 16. Rfe1 Bf8 17. e4 dxe4 18. Nxe4 cxd4 19. Nxf6+ Nxf6 20. Nxd4
Bc5 21. Be3 Rad8 22. Red1 Nd5 23. Kh1 Nxe3 24. fxe3 Rd7 25. Qb3 Rxd4 0-1

[Event "Memorial David Bronstein A"]
[Site "Napoli ITA"]
[Date "2007.02.15"]
[Round "5"]
[White "Della Ragione, Achille"]
[Black "Sorrentino, Michele"]
[Result "0-1"]
[WhiteElo "2004"]
[BlackElo "2007"]
[PlyCount "114"]
[EventDate "2007.01.18"]

1. c4 Nf6 2. Nc3 e6 3. Nf3 b6 4. e4 d6 5. d4 Bb7 6. Bd3 Be7 7. O-O O-O 8. Qc2
h6 9. h3 Nc6 10. a3 e5 11. d5 Nb8 12. Nh2 Nbd7 13. b4 a6 14. f4 Nh5 15. Ng4
exf4 16. Bxf4 Nxf4 17. Rxf4 Bg5 18. Rff1 h5 19. Nh2 Ne5 20. Be2 g6 21. Nf3 Bf6
22. Nxe5 Bxe5 23. Rf3 Qg5 24. Qc1 Bd4+ 25. Kh1 Qe5 26. Qc2 Rae8 27. Raf1 Bxc3
28. Rxc3 Qxe4 29. Bd3 Qe7 30. Rf3 Kg7 31. Rg3 Qe1+ 32. Kh2 Qe5 33. h4 f5 34.
Bf1 Qf6 35. Rg5 Qd4 36. g3 Bc8 37. Rf3 Qe4 38. Qc3+ Qe5 39. Qc1 Rf6 40. Rf4 Qe3
41. Qb2 Re4 42. Rf2 f4 43. Kh1 Bf5 44. Qd2 Qxd2 45. Rxd2 fxg3 46. Rxg3 Rxh4+
47. Kg1 Be4 48. Bh3 Rhf4 49. Re3 Bf5 50. Bxf5 R6xf5 51. Rc3 Rg5+ 52. Rg2 Kf6
53. Rxg5 Kxg5 54. c5 bxc5 55. bxc5 Rd4 56. cxd6 cxd6 57. Rc6 57... Rxd5 $138
0-1

[Event "Memorial David Bronstein A"]
[Site "Napoli ITA"]
[Date "2007.02.15"]
[Round "5"]
[White "Ficco, Corrado"]
[Black "Cosenza, Gianni"]
[Result "1-0"]
[WhiteElo "2178"]
[BlackElo "2028"]
[PlyCount "93"]
[EventDate "2007.01.18"]

1. c4 e6 2. Nf3 d5 3. g3 Nf6 4. Bg2 Be7 5. O-O O-O 6. b3 c5 7. Bb2 Nc6 8. cxd5
exd5 9. d4 b6 10. Ne5 Bb7 11. Nxc6 Bxc6 12. Nd2 Rc8 13. Rc1 Re8 14. Nf3 Bd6 15.
Ne5 Bb7 16. Nd3 Qe7 17. dxc5 bxc5 18. e3 Red8 19. Re1 h6 20. Qf3 Ne4 21. Qg4
Qg5 22. Qxg5 Nxg5 23. Red1 Bf8 24. Nf4 Ne4 25. Bh3 Rc7 26. Bg2 Rcc8 27. h4 g6
28. Rc2 g5 29. Nh5 gxh4 30. Bxe4 dxe4 31. Nf6+ Kg7 32. Rcd2 Rxd2 33. Rxd2 Kg6
34. gxh4 c4 35. h5+ Kg5 36. bxc4 Rxc4 37. Nh7+ Kxh5 38. Nxf8 Rc5 39. Nh7 Rf5
40. Kg2 Kg6 41. Nf8+ Kh5 42. Rd6 Rg5+ 43. Kf1 Rb5 44. Bd4 Bc8 45. Nd7 Rb7 46.
Nf6+ Kh4 47. Nxe4 1-0

[Event "Memorial David Bronstein A"]
[Site "Napoli ITA"]
[Date "2007.02.15"]
[Round "5"]
[White "Pinto, Gaetano"]
[Black "Capozzoli, Silvio"]
[Result "1-0"]
[WhiteElo "2024"]
[BlackElo "1909"]
[PlyCount "77"]
[EventDate "2007.01.18"]

1. d4 Nf6 2. Nf3 c5 3. c3 d5 4. e3 e6 5. Nbd2 Nc6 6. Bd3 Qc7 7. O-O c4 8. Bc2
b5 9. e4 Bb7 10. e5 Nd7 11. Re1 b4 12. Nf1 h6 13. Ng3 O-O-O 14. Nd2 Be7 15. f4
g6 16. Nf3 a5 17. Be3 Rdg8 18. Kf2 g5 19. f5 g4 20. Ng1 Bh4 21. Ke2 Ba6 22. Qd2
b3 23. axb3 cxb3+ 24. Bd3 Bc4 25. Rf1 Ndxe5 26. dxe5 Qxe5 27. Rf4 Bg5 28. Nh5
Bxf4 29. Nxf4 exf5 30. Kf2 Re8 31. Nge2 Bxd3 32. Qxd3 Rd8 33. Nd4 Nxd4 34. Qxd4
Qc7 35. Qf6 d4 36. Qxf5+ Rd7 37. Bxd4 Rg8 38. Rxa5 Kd8 39. Ra8+ 1-0

[Event "Memorial David Bronstein A"]
[Site "Napoli ITA"]
[Date "2007.02.15"]
[Round "5"]
[White "Ricci, Giuseppe"]
[Black "Di Giulio, Massimo"]
[Result "1-0"]
[WhiteElo "1946"]
[BlackElo "2018"]
[PlyCount "95"]
[EventDate "2007.01.18"]

1. e4 c5 2. Nf3 d6 3. d4 cxd4 4. Nxd4 Nf6 5. Nc3 g6 6. f3 Bg7 7. Be3 O-O 8. Qd2
Nc6 9. O-O-O Nxd4 10. Bxd4 Be6 11. g4 Qa5 12. g5 Nh5 13. Bxg7 Nxg7 14. a3 Rfc8
15. h4 Rab8 16. Bh3 b5 17. Nd5 Qxd2+ 18. Rxd2 Kf8 19. f4 Bxh3 20. Rxh3 Rc4 21.
Re2 Nh5 22. b3 Rc5 23. Rf3 e6 24. Ne3 Rc3 25. f5 gxf5 26. exf5 exf5 27. Rff2
Ng3 28. Re1 Rbc8 29. Kb2 R3c5 30. Rf3 Nh5 31. Rxf5 Rxf5 32. Nxf5 Rc6 33. Rd1
Nf4 34. Rxd6 Rxd6 35. Nxd6 a6 36. Kc3 Ke7 37. Ne4 a5 38. Kd4 Ng6 39. h5 Nf4 40.
h6 Ne6+ 41. Kd5 Kd7 42. Nf6+ Kc7 43. Nxh7 a4 44. Nf6 Nxg5 45. h7 Nxh7 46. Nxh7
f5 47. b4 f4 48. Ng5 1-0

[Event "Memorial David Bronstein A"]
[Site "Napoli ITA"]
[Date "2007.02.15"]
[Round "5"]
[White "Schiappoli, Dario"]
[Black "Improta, Giovanni"]
[Result "1-0"]
[WhiteElo "1942"]
[BlackElo "1742"]
[PlyCount "55"]
[EventDate "2007.01.18"]

1. e4 c5 2. Nf3 Nc6 3. d4 cxd4 4. c3 dxc3 5. Nxc3 e6 6. Bc4 Na5 7. Be2 a6 8.
O-O b5 9. Bf4 d6 10. Rc1 Be7 11. Bxb5+ axb5 12. Nxb5 Rb8 13. Nc7+ Kf8 14. Qa4
e5 15. Bxe5 Bd7 16. Qxa5 dxe5 17. Rfd1 Bb4 18. Qa7 Nf6 19. Nxe5 Rc8 20. Nxd7+
Nxd7 21. Qd4 Rxc7 22. Qxb4+ Kg8 23. Rxc7 Qxc7 24. Qe7 Qc2 25. Qxd7 h6 26. g3
Qxb2 27. Qc8+ Kh7 28. Qf5+ 1-0

[Event "Memorial David Bronstein A"]
[Site "Napoli ITA"]
[Date "2007.02.22"]
[Round "6"]
[White "Cosenza, Gianni"]
[Black "Della Ragione, Achille"]
[Result "0-1"]
[WhiteElo "2028"]
[BlackElo "2004"]
[PlyCount "126"]
[EventDate "2007.01.18"]

1. e4 d5 2. exd5 Nf6 3. Bb5+ Bd7 4. Be2 Nxd5 5. d4 e6 6. Nf3 c5 7. c4 Nb6 8.
Nc3 cxd4 9. Nxd4 Nc6 10. O-O Nxd4 11. Qxd4 Bc6 12. Qg4 h5 13. Qg3 h4 14. Qg4 h3
15. g3 Qc8 16. Rd1 e5 17. Nd5 Nxd5 18. cxd5 Qxg4 19. Bxg4 Bd7 20. Bf3 Bd6 21.
Bd2 Rc8 22. Bc3 f6 23. Re1 Kf7 24. Rad1 g6 25. Bh1 Rhe8 26. Re4 f5 27. Rh4 Rh8
28. Rxh8 Rxh8 29. Re1 Re8 30. Bf3 e4 31. Bd1 Rc8 32. Bb3 b5 33. a3 a6 34. Kf1
Re8 35. Bd4 g5 36. Bd1 Kg6 37. Bc2 b4 38. a4 Rc8 39. Bb3 Re8 40. Bc2 Kh6 41.
Kg1 Bc8 42. f3 Bd7 43. fxe4 fxe4 44. Rxe4 Bxa4 45. Rxe8 Bxe8 46. Bf5 Bf7 47.
Bxh3 Bxd5 48. Bd7 Kg6 49. Kf2 Kf7 50. Ba4 Ke6 51. Ke3 Bc4 52. Bc6 Bb3 53. Kf3
Bd1+ 54. Ke3 a5 55. Ke4 Bb3 56. Kf3 a4 57. h4 gxh4 58. gxh4 a3 59. bxa3 bxa3
60. Ke4 Bc2+ 61. Ke3 Be5 62. Bd7+ Kf6 63. Bb6 a2 0-1

[Event "Memorial David Bronstein A"]
[Site "Napoli ITA"]
[Date "2007.02.22"]
[Round "6"]
[White "Di Giulio, Massimo"]
[Black "Schiappoli, Dario"]
[Result "1/2-1/2"]
[WhiteElo "2018"]
[BlackElo "1942"]
[PlyCount "61"]
[EventDate "2007.01.18"]

1. b3 e5 2. Bb2 Nc6 3. e3 d5 4. Bb5 Bd6 5. f4 exf4 6. Bxg7 Qh4+ 7. Kf1 Nf6 8.
Nf3 Qh5 9. Bxh8 Ne4 10. Nc3 Ng3+ 11. Kf2 Nxh1+ 12. Qxh1 Bg4 13. Bxc6+ bxc6 14.
Bf6 Kd7 15. Ne2 fxe3+ 16. dxe3 Re8 17. Bc3 Bxf3 18. gxf3 Qh6 19. f4 Qh4+ 20.
Ng3 Bc5 21. Bd2 Re6 22. Qf3 Qxh2+ 23. Qg2 Qh4 24. Rh1 Qf6 25. c3 Bxe3+ 26. Bxe3
Qxc3 27. Bc1 Qc2+ 28. Kf3 Qd3+ 29. Kf2 Qc2+ 30. Kf3 Qd3+ 31. Kg4 1/2-1/2

[Event "Memorial David Bronstein A"]
[Site "Napoli ITA"]
[Date "2007.02.22"]
[Round "6"]
[White "Pinto, Gaetano"]
[Black "Supino, Domenico"]
[Result "0-1"]
[WhiteElo "2024"]
[BlackElo "2023"]
[PlyCount "42"]
[EventDate "2007.01.18"]

1. d4 Nf6 2. Nf3 c5 3. c3 d5 4. e3 e6 5. Nbd2 Nc6 6. Bd3 Qc7 7. Qe2 cxd4 8.
exd4 Bd6 9. Nf1 O-O 10. Ng3 Re8 11. O-O e5 12. dxe5 Nxe5 13. Nxe5 Bxe5 14. Qc2
Bd7 15. Be3 Rac8 16. Rac1 h6 17. Rfd1 Ng4 18. Bd4 Bxd4 19. cxd4 Qf4 20. Qb1
Qxf2+ 21. Kh1 Qe3 0-1

[Event "Memorial David Bronstein A"]
[Site "Napoli ITA"]
[Date "2007.02.22"]
[Round "6"]
[White "Ricci, Giuseppe"]
[Black "Ficco, Corrado"]
[Result "0-1"]
[WhiteElo "1946"]
[BlackElo "2178"]
[PlyCount "176"]
[EventDate "2007.01.18"]

1. e4 c5 2. Nf3 e6 3. d4 cxd4 4. Nxd4 Nf6 5. Nc3 Nc6 6. Be3 Bb4 7. Bd3 d5 8.
Nxc6 bxc6 9. exd5 cxd5 10. O-O O-O 11. a3 Be7 12. Bd4 a5 13. Qe2 Bd7 14. a4 Re8
15. Nb5 Bc6 16. Be5 Bxb5 17. Bxb5 Rf8 18. Rfd1 Bd6 19. c4 Bxe5 20. Qxe5 Qb8 21.
Qxb8 Raxb8 22. c5 Rfc8 23. Rac1 Rc7 24. f3 Kf8 25. Kf2 Ke7 26. b4 axb4 27. Rd4
Nd7 28. c6 Ne5 29. Ke3 b3 30. Rb4 b2 31. Rxb2 Nc4+ 32. Rxc4 dxc4 33. Rc2 Rd8
34. Rxc4 Rd5 35. g4 Kd6 36. h4 h6 37. Rc3 Rc8 38. Rb3 Rb8 39. Rc3 Kc7 40. Ke4
Rbd8 41. Ke3 h5 42. Rc4 Rd3+ 43. Ke4 hxg4 44. fxg4 Rd1 45. Rb4 Rh1 46. h5 Ra1
47. Rb3 Re1+ 48. Kf3 Re5 49. Kf4 Rc5 50. Ke4 Rg5 51. Kf4 f6 52. Rb4 Rb8 53. Re4
Re8 54. Rb4 Rc5 55. Ke3 Rd8 56. Kf3 Rc3+ 57. Kf4 Rb8 58. Ke4 Rxc6 59. Rd4 Rd6
60. Rc4+ Kd8 61. Rc3 Rc8 62. Rb3 Rd5 63. Rf3 Rcc5 64. Rb3 Kc7 65. Ra3 Rg5 66.
Kf4 Rcd5 67. Rc3+ Rc5 68. Rd3 Rgd5 69. Rb3 Rd4+ 70. Kf3 e5 71. Kg3 Rc1 72. Kf3
Rf4+ 73. Kg3 Rg1+ 74. Kh2 Rgxg4 75. Rc3+ Kb7 76. Bc6+ Kb6 77. Bf3 Rh4+ 78. Kg2
Rxa4 79. Rc6+ Kb5 80. Rc8 Ra2+ 81. Kg3 Rf4 82. Rb8+ Kc5 83. Rc8+ Kb4 84. Rb8+
Kc3 85. Rd8 Ra3 86. Bc6 Rc4 87. Bb5 Rc5 88. Bf1 Rc7 0-1

[Event "XXIV Open Eporediese"]
[Site "Ivrea ITA"]
[Date "2007.01.18"]
[Round "1"]
[White "Bravo, Davide"]
[Black "Paonessa, Denis"]
[Result "1/2-1/2"]
[WhiteElo "1425"]
[BlackElo "1817"]
[PlyCount "57"]
[EventDate "2007.01.18"]

1. e4 e5 2. Nf3 d6 3. Nc3 Nf6 4. Bc4 Nc6 5. d3 h6 6. h3 g6 7. Be3 Bg7 8. Qd2
Qe7 9. O-O-O Na5 10. Bb5+ c6 11. Ba4 b5 12. Nxb5 Nb7 13. Nxa7 Bd7 14. a3 c5 15.
Nc6 Qe6 16. Bb3 d5 17. Ncxe5 Ba4 18. exd5 Nxd5 19. Bxd5 Qxd5 20. Qc3 O-O 21. d4
cxd4 22. Bxd4 Rac8 23. Bc5 Qxc5 24. Qxc5 Rxc5 25. b3 Bxb3 26. Nd4 Bxe5 27. Nxb3
Rc3 28. Rhe1 Bg7 29. Rd7 1/2-1/2

[Event "XXIV Open Eporediese"]
[Site "Ivrea ITA"]
[Date "2007.01.18"]
[Round "1"]
[White "Costabloz, Giammarco"]
[Black "Chiarotto, Filippo"]
[Result "0-1"]
[WhiteElo "1613"]
[BlackElo "2056"]
[PlyCount "54"]
[EventDate "2007.01.18"]

1. e4 e6 2. d4 a6 3. Nc3 c5 4. Nf3 b5 5. Be3 cxd4 6. Nxd4 Bb7 7. f3 Bb4 8. Qd2
Qc7 9. Nde2 Nf6 10. a3 Be7 11. a4 b4 12. Na2 Nc6 13. Nd4 Nxd4 14. Bxd4 e5 15.
Be3 a5 16. Qf2 O-O 17. Bb6 Qc6 18. Bb5 Qe6 19. Be3 d5 20. exd5 Nxd5 21. Bc4
Rac8 22. Bb3 Qg6 23. Bd2 Bc5 24. Qe2 Nf4 25. Bxf4 exf4 26. O-O-O Ba6 27. Qe5
Be3+ 0-1

[Event "XXIV Open Eporediese"]
[Site "Ivrea ITA"]
[Date "2007.01.18"]
[Round "1"]
[White "Giachino, Adriano"]
[Black "Razzano, Lorenzo"]
[Result "1-0"]
[WhiteElo "1586"]
[BlackElo "1898"]
[PlyCount "61"]
[EventDate "2007.01.18"]

1. e4 c5 2. Nf3 d6 3. d4 cxd4 4. Nxd4 Nf6 5. Nc3 a6 6. Bc4 e6 7. Bg5 Be7 8. f4
Nc6 9. Qd2 h6 10. Bh4 Qb6 11. Nxc6 Qxc6 12. Qe2 Nxe4 13. Bxe7 Nxc3 14. bxc3
Kxe7 15. O-O Bd7 16. Bb3 Qc5+ 17. Kh1 Bb5 18. c4 Bd7 19. f5 e5 20. Rad1 Rad8
21. Rd5 Qc7 22. Qh5 f6 23. c5 Be8 24. Qg4 Kf8 25. Rfd1 Bf7 26. Rxd6 Rxd6 27.
Rxd6 h5 28. Qg3 h4 29. Qd3 Qxc5 30. Bxf7 Kxf7 31. Qb3+ 1-0

[Event "XXIV Open Eporediese"]
[Site "Ivrea ITA"]
[Date "2007.01.18"]
[Round "1"]
[White "Moratto, Davide"]
[Black "Demit, Andrei"]
[Result "1-0"]
[WhiteElo "1929"]
[BlackElo "1416"]
[PlyCount "71"]
[EventDate "2007.01.18"]

1. e4 c5 2. b3 d6 3. Bb2 e5 4. Nc3 Nf6 5. Bb5+ Bd7 6. Bxd7+ Nbxd7 7. a4 g6 8.
Nge2 Bg7 9. O-O O-O 10. d3 Re8 11. f4 Ng4 12. Qd2 Bh6 13. h3 Ngf6 14. Qe1 Nh5
15. Nd5 Ndf6 16. Nxf6+ Nxf6 17. Qh4 Bg7 18. Rf3 Qb6 19. Kh1 Qd8 20. Raf1 Re6
21. f5 Re8 22. fxg6 fxg6 23. Rxf6 Bxf6 24. Qxf6 Qxf6 25. Rxf6 Rad8 26. Nc3 Kg7
27. Nd5 Rf8 28. Rxd6 Rxd6 29. Bxe5+ Rdf6 30. Bxf6+ Kf7 31. e5 Ke6 32. Nf4+ Kf5
33. g3 a6 34. Kg2 h6 35. Kf3 g5 36. g4# 1-0

[Event "XXIV Open Eporediese"]
[Site "Ivrea ITA"]
[Date "2007.01.18"]
[Round "1"]
[White "Ranieri, Fabrizio"]
[Black "Barocelli, Carlo"]
[Result "1-0"]
[WhiteElo "2244"]
[BlackElo "1655"]
[PlyCount "47"]
[EventDate "2007.01.18"]

1. e4 d5 2. exd5 Qxd5 3. Nf3 Nf6 4. d4 c6 5. c4 Qa5+ 6. Bd2 Qc7 7. Be2 Bf5 8.
Nc3 e6 9. Qb3 Nbd7 10. Rc1 Nb6 11. d5 Be7 12. Nd4 Rd8 13. Be3 Qd7 14. dxc6 bxc6
15. Bf3 Rc8 16. Rd1 Bg4 17. Nxc6 Qc7 18. Nb5 Qb7 19. Nbxa7 Bxf3 20. gxf3 Rxc6
21. Nxc6 Qxc6 22. Qxb6 Qxf3 23. Qb8+ Bd8 24. Qxd8# 1-0

[Event "XXIV Open Eporediese"]
[Site "Ivrea ITA"]
[Date "2007.01.18"]
[Round "1"]
[White "Trotto, Pierangelo"]
[Black "Melling, Jonathon"]
[Result "1-0"]
[WhiteElo "1885"]
[BlackElo "1545"]
[PlyCount "63"]
[EventDate "2007.01.18"]

1. e4 e5 2. Nf3 Nc6 3. Bb5 Nd4 4. Bc4 Qf6 5. Nxd4 exd4 6. O-O Bc5 7. d3 Ne7 8.
Nd2 d6 9. f4 Be6 10. Qf3 Nc6 11. Kh1 O-O-O 12. a3 Rhe8 13. b4 Bxc4 14. Nxc4 Bb6
15. Bd2 Ne7 16. a4 c6 17. e5 dxe5 18. fxe5 Qxf3 19. Rxf3 Rf8 20. Nd6+ Kb8 21.
Raf1 Ng6 22. Nc4 Rd7 23. e6 Re7 24. Rxf7 Rfxf7 25. exf7 Nf8 26. Nxb6 axb6 27.
Bf4+ Kc8 28. Bd6 Kd7 29. Bxe7 Kxe7 30. a5 Nd7 31. g3 Kf8 32. Kg2 1-0

[Event "XXIV Open Eporediese"]
[Site "Ivrea ITA"]
[Date "2007.01.25"]
[Round "2"]
[White "Brosio, Antonino"]
[Black "Berlier, Filippo"]
[Result "1-0"]
[WhiteElo "1595"]
[BlackElo "1365"]
[PlyCount "47"]
[EventDate "2007.01.18"]

1. d4 Nf6 2. c4 e6 3. Nc3 Bb4 4. Bd2 O-O 5. e3 b6 6. Bd3 Bb7 7. Nf3 c5 8. a3
Bxc3 9. Bxc3 d6 10. Qc2 Nbd7 11. Ng5 g6 12. Ne4 Qe7 13. h4 d5 14. Nxf6+ Nxf6
15. O-O-O dxc4 16. Bxc4 Bxg2 17. Rhg1 Be4 18. Bd3 Bf3 19. Be2 Be4 20. Qd2 h5
21. f3 Bc6 22. e4 Nd7 23. Qh6 e5 24. Bc4 1-0